Giáo trình kỹ thuật trồng hoa cây cảnh Sách dành cho cao đẳng sư phạm

Salvato in:
Dettagli Bibliografici
Autore principale: Nguyễn, Mạnh Khải
Altri autori: Đinh, Sơn Quang
Natura: Libro
Lingua:Undetermined
Pubblicazione: H. ĐHSP 2007
Soggetti:
Accesso online:http://lrc.tdmu.edu.vn/opac/search/detail.asp?aID=2&ID=5607
Tags: Aggiungi Tag
Nessun Tag, puoi essere il primo ad aggiungerne! !
Thư viện lưu trữ: Trung tâm Học liệu Trường Đại học Thủ Dầu Một
LEADER 00743nam a2200217Ia 4500
001 TDMU_5607
008 210410s9999 xx 000 0 und d
082 |a 635.9 
090 |b NG525 
100 |a Nguyễn, Mạnh Khải 
245 0 |a Giáo trình kỹ thuật trồng hoa cây cảnh 
245 0 |b Sách dành cho cao đẳng sư phạm 
245 0 |c Nguyễn Mạnh Khải 
260 |a H. 
260 |b ĐHSP 
260 |c 2007 
300 |a 139tr. 
650 |a Cây hoa  |x kỹ thuật trồng; Cây kiểng  |x Kỹ thuật trồng 
700 |a Đinh, Sơn Quang 
856 |u http://lrc.tdmu.edu.vn/opac/search/detail.asp?aID=2&ID=5607 
980 |a Trung tâm Học liệu Trường Đại học Thủ Dầu Một